000 00365pab a2200145 454500
008 180718b1984 xxu||||| |||| 00| 0 eng d
100 _aKochar, M.G.
245 _aIndian banks abroad
260 _c1984
300 _a204-16
362 _aOct.-Dec.
650 _aBanks - Underdeveloped Areas
773 _aJournal of the Indian Institute of Bankers
909 _a4399
999 _c4399
_d4399